15 Largest Cities in India🇮🇳 - Statistics

General Stats
  • This quiz has been taken 52 times
  • The average score is 11 of 15
Answer Stats
Population City % Correct
10.9 mil Delhi
100%
12.6 mil Mumbai
100%
4.3 mil Chennai
95%
4.6 mil Kolkata
93%
5.1 mil Bangalore
90%
3.7 mil Ahmedabad
86%
3.5 mil Hyderabad
86%
2.7 mil Jaipur
71%
2.4 mil Lucknow
71%
2.9 mil Pune
69%
2.8 mil Surat
62%
2.2 mil Nagpur
57%
1.8 mil Indore
40%
2.8 mil Kanpur
33%
2.6 mil Navi Mumbai
5%
No matching quizzes found
Score Distribution
Percent of People with Each Score
Percentile by Number Answered
Your Score History
You have not taken this quiz